[Event "FIDE World Rapid Team"]
[Site "London ENG"]
[Date "2025.06.11"]
[Round "2.2"]
[White "Krivenko, Dion"]
[Black "Pert, Richard G"]
[Result "0-1"]
[WhiteTitle "FM"]
[BlackTitle "IM"]
[WhiteElo "2243"]
[BlackElo "2416"]
[WhiteTeam "OlalaStars"]
[BlackTeam "e-therapeutics"]
[WhiteFideId "4508378"]
[BlackFideId "404748"]
[EventDate "2025.06.11"]
[EventType "team"]

1. Nc3 d5 2. d4 Nf6 3. Bf4 e6 4. e3 Bb4 5. Bd3 c5 6. dxc5 Nbd7 7. Nf3 Nxc5 8.
O-O Bxc3 9. bxc3 O-O 10. c4 b6 11. Bg5 Bb7 12. cxd5 Qxd5 13. Bxf6 gxf6 14. Qe2
Kh8 15. Rfe1 Ne4 16. c4 Qh5 17. Nd4 Qxe2 18. Bxe2 Rac8 19. Rac1 Rfd8 20. Bf3 Nc5
21. Bxb7 Nxb7 22. Red1 Kg7 23. g3 f5 24. Kg2 Kf6 25. Nb5 a6 26. Rxd8 Rxd8 27.
Nd4 Nc5 28. Rb1 Nd7 29. Nb3 Rc8 30. Rc1 Ne5 31. Nd2 Ke7 32. Rb1 Rd8 33. Rb2 Rd6
34. Rc2 Nd3 35. Kf1 Rc6 36. Ke2 Ne5 37. h3 Kd6 38. f4 Nd7 39. Nb3 Rc7 40. g4 Ke7
41. gxf5 exf5 42. Kf3 Nc5 43. Nxc5 Rxc5 44. Rb2 Rc6 45. Rb4 Kd6 46. Rb2 Kc5 47.
e4 fxe4+ 48. Kxe4 Rh6 49. Rb3 Kxc4 50. Kf5 b5 51. Kg5 Rg6+ 52. Kf5 b4 53. Rb2 a5
54. Rc2+ Kb5 55. h4 a4 56. h5 Ra6 57. Rb2 b3 58. axb3 a3 59. Ra2 Kb4 60. Kg5
Kxb3 61. Ra1 a2 62. f5 Kb2 63. Rh1 h6+ 64. Kf4 a1=Q 65. Rxa1 Rxa1 66. Ke5 Ra6 0-1

[Event "FIDE World Rapid Team"]
[Site "London ENG"]
[Date "2025.06.11"]
[Round "2.3"]
[White "Mortazavi, Ali"]
[Black "Sason, Noam"]
[Result "0-1"]
[WhiteTitle "IM"]
[WhiteElo "2333"]
[BlackElo "2153"]
[WhiteTeam "e-therapeutics"]
[BlackTeam "OlalaStars"]
[WhiteFideId "401323"]
[BlackFideId "371282346"]
[EventDate "2025.06.11"]
[EventType "team"]

1. Nf3 Nf6 2. g3 g6 3. Bg2 Bg7 4. O-O O-O 5. d3 d5 6. Nbd2 c5 7. e3 Nc6 8. e4 e5
9. c3 d4 10. cxd4 cxd4 11. Nc4 Qe7 12. b3 b5 13. Ba3 b4 14. Bb2 Ba6 15. Nfd2 Nd7
16. a3 Nc5 17. Qc2 Rab8 18. a4 Rbc8 19. Rac1 Nb8 20. f4 Nbd7 21. Bh3 exf4 22.
gxf4 Qh4 23. Rf3 Ne6 24. Qd1 Ndc5 25. Qe1 Qxe1+ 26. Rxe1 Rc7 27. Bxe6 fxe6 28.
e5 Bb7 29. Bxd4 Bxf3 30. Bxc5 Rxc5 31. Nxf3 Rxf4 32. Kg2 Rd5 33. d4 Kf7 34. Kg3
Bh6 35. Nd6+ Kf8 36. Re2 Rxf3+ 37. Kxf3 Rxd4 38. Rc2 Rd3+ 39. Ke4 Rxb3 40. Rf2+
Kg8 41. Ne8 Re3+ 42. Kd4 Re1 43. Nf6+ Kh8 44. Kc4 Rxe5 45. Nd7 Re4+ 46. Kd3 Rf4
47. Rc2 Rf3+ 48. Ke4 Rc3 49. Rf2 Re3+ 50. Kd4 Re1 51. Rf7 Kg8 52. Re7 Bg5 53.
Re8+ Kf7 54. Rh8 Rd1+ 55. Kc4 Rxd7 56. Rxh7+ Ke8 57. Rh8+ Ke7 58. Kxb4 Kd6 59.
Rg8 Bd2+ 60. Kc4 g5 61. Rf8 Bf4 62. h3 e5 63. Rb8 Rc7+ 64. Kd3 Kd5 65. Rb5+ Ke6
66. a5 Rh7 67. Ke2 Rxh3 68. Rb7 Ra3 69. Rxa7 g4 70. a6 g3 71. Kf1 Ra1+ 72. Kg2
Ra2+ 73. Kf1 g2+ 0-1

[Event "FIDE World Rapid Team"]
[Site "London ENG"]
[Date "2025.06.11"]
[Round "2.4"]
[White "Blokhin, Sofia"]
[Black "Sivanandan, Bodhana"]
[Result "1-0"]
[WhiteTitle "WFM"]
[BlackTitle "WFM"]
[WhiteElo "2057"]
[BlackElo "2109"]
[WhiteTeam "OlalaStars"]
[BlackTeam "e-therapeutics"]
[WhiteFideId "4508190"]
[BlackFideId "497592"]
[EventDate "2025.06.11"]
[EventType "team"]

1. e4 e5 2. Nc3 Nf6 3. Bc4 Nc6 4. d3 Bb4 5. Ne2 d5 6. exd5 Nxd5 7. O-O Bxc3 8.
bxc3 O-O 9. a4 Re8 10. Kh1 Be6 11. Bxd5 Qxd5 12. c4 Qd7 13. Be3 Rad8 14. Qb1 b6
15. f3 f5 16. Qb2 Bf7 17. Bg5 Rb8 18. Rad1 Qe6 19. Rfe1 Qg6 20. Be3 Rbd8 21. Bf2
e4 22. f4 exd3 23. cxd3 Qd6 24. Qc3 Qb4 25. Qc2 Qd6 26. d4 Bh5 27. d5 Na5 28. c5
Qg6 29. Rd3 Qg4 30. Rg3 Rxe2 31. Qc3 Rxe1+ 32. Bxe1 Rxd5 33. Rxg4 fxg4 34. cxb6
cxb6 35. g3 Bg6 36. Qc8+ Kf7 37. Qc7+ Ke6 38. Qc8+ Rd7 39. Kg2 Be4+ 40. Kf2 g6
41. Ke3 Bb7 42. Qg8+ Kd6 43. Bb4+ Kc7 44. Bxa5 bxa5 45. Qc4+ Kb8 46. Qb5 Re7+
47. Kd4 Rc7 48. Qxa5 Bc8 49. Qe5 Bf5 50. Kd5 Kb7 51. Qb2+ Kc8 52. a5 Rd7+ 53.
Ke5 Rb7 54. Qc3+ Rc7 55. Qb4 Rc6 56. Qf8+ Kb7 57. Qe7+ Rc7 58. a6+ Kb6 59. Qd8
Kc6 60. Qd6+ Kb5 61. Qxc7 Kxa6 62. Qb8 h5 63. Kd4 Ka5 64. Kc5 Ka6 65. Qb5# 1-0

[Event "FIDE World Rapid Team"]
[Site "London ENG"]
[Date "2025.06.11"]
[Round "2.5"]
[White "Pert, Max"]
[Black "Agafonov, Yuri Dr"]
[Result "1-0"]
[WhiteTitle "FM"]
[WhiteElo "2277"]
[BlackElo "2096"]
[WhiteTeam "e-therapeutics"]
[BlackTeam "OlalaStars"]
[WhiteFideId "456845"]
[BlackFideId "11602104"]
[EventDate "2025.06.11"]
[EventType "team"]

1. d4 e6 2. c4 f5 3. Nf3 Nf6 4. g3 Bb4+ 5. Bd2 a5 6. Bg2 O-O 7. O-O Bxd2 8.
Nfxd2 d5 9. Nc3 Nc6 10. e3 Ne7 11. a3 Bd7 12. cxd5 exd5 13. b4 Kh8 14. Qb3 Ne4
15. Qb2 Nxc3 16. Qxc3 Bb5 17. Rfc1 axb4 18. Qxb4 Qd7 19. Rc5 c6 20. a4 Ra7 21.
Nb3 Rfa8 22. axb5 Rxa1+ 23. Nxa1 Rxa1+ 24. Bf1 h6 25. bxc6 bxc6 26. Qb2 Qa7 27.
Kg2 Ra2 28. Qc1 Qa5 29. Rxa5 1-0

[Event "FIDE World Rapid Team"]
[Site "London ENG"]
[Date "2025.06.11"]
[Round "2.6"]
[White "Kiritshenko, Platon"]
[Black "Mortazavi, Sami"]
[Result "1-0"]
[WhiteElo "1587"]
[BlackElo "1805"]
[WhiteTeam "OlalaStars"]
[BlackTeam "e-therapeutics"]
[WhiteFideId "4522010"]
[BlackFideId "343443834"]
[EventDate "2025.06.11"]
[EventType "team"]

1. e4 g6 2. d4 Bg7 3. Nf3 d6 4. Bc4 Nf6 5. Nc3 O-O 6. O-O Nxe4 7. Nxe4 d5 8. Bd3
dxe4 9. Bxe4 c6 10. c3 Nd7 11. Bf4 Nf6 12. Bc2 Qb6 13. Bb3 Bf5 14. Ne5 Rad8 15.
Qe2 Nd5 16. Bd2 c5 17. Be3 Nxe3 18. fxe3 Bxe5 19. dxe5 Bd3 20. Qf2 Bxf1 21. Rxf1
e6 22. Qf6 Rd2 23. Qf3 Rxb2 24. h4 h5 25. Kh1 Qd8 26. Qg3 Kh7 27. Rf6 Qe8 28.
Qf4 b5 29. Bxe6 b4 30. Bxf7 Rxf7 31. Rxf7+ Kg8 32. Rxa7 bxc3 33. Qf6 1-0

[Event "FIDE World Rapid Team"]
[Site "London ENG"]
[Date "2025.06.11"]
[Round "2.1"]
[White "Turner, Matthew J"]
[Black "Zakarian, David"]
[Result "0-1"]
[WhiteTitle "GM"]
[BlackTitle "FM"]
[WhiteElo "2441"]
[BlackElo "2301"]
[WhiteTeam "Sassy Seniors"]
[BlackTeam "ANI"]
[WhiteFideId "402893"]
[BlackFideId "13301276"]
[EventDate "2025.06.11"]
[EventType "team"]

1. d4 Nf6 2. Nf3 e6 3. g3 d5 4. Bg2 Be7 5. c4 c6 6. b3 O-O 7. O-O Nbd7 8. Ba3 b5
9. cxb5 cxb5 10. Bxe7 Qxe7 11. Nc3 b4 12. Na4 Ba6 13. Ne1 Rac8 14. Nd3 Bb5 15.
Ndc5 Nxc5 16. Nxc5 Nd7 17. Qd2 Nxc5 18. Qxb4 Bxe2 19. Rfe1 Ba6 20. Qa3 Qd6 21.
dxc5 Rxc5 22. Rad1 Rfc8 23. Rd4 Qb6 24. Rb4 Bb5 25. Bf1 Rc2 26. Rf4 Bxf1 27.
Rxf1 Qc5 28. b4 Qb6 29. Qa4 e5 30. Rf3 a6 31. Ra3 h5 32. Qxa6 Qxb4 33. Ra5 Qe4
34. Qb7 Rc1 35. Ra8 Rxf1+ 36. Kxf1 Qh1+ 37. Ke2 Qe4+ 38. Kf1 Rxa8 39. Qxa8+ Kh7
40. Qe8 Qh1+ 41. Ke2 Qe4+ 42. Kf1 Qb1+ 43. Kg2 Qf5 44. a4 d4 45. a5 d3 46. Qa4
e4 47. Qd4 Qf3+ 48. Kh3 Qg4+ 49. Kg2 h4 50. Qe3 h3+ 51. Kf1 Qd1+ 52. Qe1 Qf3 0-1

[Event "FIDE World Rapid Team"]
[Site "London ENG"]
[Date "2025.06.11"]
[Round "2.2"]
[White "Kiremitciyan, Ari"]
[Black "Parker, Jonathan F"]
[Result "1/2-1/2"]
[WhiteTitle "FM"]
[BlackTitle "GM"]
[WhiteElo "2271"]
[BlackElo "2517"]
[WhiteTeam "ANI"]
[BlackTeam "Sassy Seniors"]
[WhiteFideId "6373445"]
[BlackFideId "400580"]
[EventDate "2025.06.11"]
[EventType "team"]

1. Nf3 d5 2. g3 Bg4 3. Bg2 Nd7 4. h3 Bxf3 5. exf3 e6 6. O-O Bd6 7. f4 Ne7 8. d3
O-O 9. Nd2 c5 10. c4 Qc7 11. Nf3 Rad8 12. Qe2 Nc6 13. b3 Rfe8 14. Bb2 d4 15.
Rae1 Re7 16. Ng5 Nf6 17. Bc1 Rde8 18. Bd2 a5 19. a3 Qb6 20. Rb1 Qc7 21. h4 b6
22. Ne4 Nxe4 23. Qxe4 Nb8 24. b4 axb4 25. axb4 f5 26. Qf3 Nd7 27. Qc6 Rc8 28.
Qxc7 Rxc7 29. bxc5 Bxc5 30. Ra1 g6 31. Ra8+ Kg7 32. Re1 Nf6 33. Bf3 Kf7 34. Rea1
Ng4 35. Bxg4 fxg4 36. f3 gxf3 37. Kf2 Kg7 38. Kxf3 e5 39. fxe5 Rxe5 40. Bf4 Rf7
41. R1a7 Ree7 42. Rxe7 Rxe7 43. Rd8 h5 44. Rd5 Kf7 45. Be5 Ke6 46. Bxd4 Bxd4 47.
Rxd4 Ra7 48. Kf4 Ra5 49. Rd8 Rf5+ 50. Ke4 Re5+ 51. Kd4 Ra5 52. Rb8 Ra6 53. Ke4
Kf6 54. d4 Ke6 55. d5+ Kd7 56. Rg8 Ra4 57. Rg7+ Kd8 58. Rxg6 b5 59. Ke5 bxc4 60.
Rc6 Kd7 61. Rh6 c3 62. Rc6 Ra3 63. Kf4 Ra4+ 64. Kf5 Rg4 65. Rxc3 Kd6 66. Rd3 Rg8
67. Kf4 Rg4+ 68. Kf3 Rg8 69. Ra3 Rf8+ 70. Kg2 Rf5 71. Ra6+ Kxd5 72. Rg6 Ke5 73.
Kh3 Ke4 74. Rg8 Ke5 75. Re8+ Kf6 76. Rg8 Kf7 77. Rg5 Rxg5 78. hxg5 Kg7 79. Kh4
Kg6 80. g4 hxg4 81. Kxg4 Kg7 82. Kf5 Kf7 83. g6+ Kg7 84. Kg5 Kg8 85. Kf6 Kf8 86.
g7+ Kg8 87. Kg6 1/2-1/2

[Event "FIDE World Rapid Team"]
[Site "London ENG"]
[Date "2025.06.11"]
[Round "2.3"]
[White "Dishman, Stephen"]
[Black "Stepanyan, Henrik"]
[Result "1/2-1/2"]
[WhiteTitle "FM"]
[WhiteElo "2274"]
[BlackElo "2200"]
[WhiteTeam "Sassy Seniors"]
[BlackTeam "ANI"]
[WhiteFideId "403024"]
[BlackFideId "401030"]
[EventDate "2025.06.11"]
[EventType "team"]

1. Nf3 d5 2. c4 e6 3. g3 c5 4. cxd5 exd5 5. d4 Nc6 6. Bg2 Nf6 7. O-O Be7 8. Nc3
O-O 9. Bg5 c4 10. Ne5 Be6 11. e3 h6 12. Bxf6 Bxf6 13. f4 Bxe5 14. dxe5 d4 15.
exd4 Nxd4 16. Kh1 Bf5 17. Ne4 Qb6 18. Qc1 Qb4 19. Rf2 Rad8 20. Nd6 Bd3 21. Nxb7
Rb8 22. Qc3 Qxc3 23. bxc3 Ne2 24. Nd6 Nxc3 25. Bf1 Ne4 26. Nxe4 Bxe4+ 27. Bg2
Bd3 28. Bf1 Be4+ 29. Bg2 Bd3 30. Bf1 1/2-1/2

[Event "FIDE World Rapid Team"]
[Site "London ENG"]
[Date "2025.06.11"]
[Round "2.4"]
[White "Zakarian, Dimitrios Levon"]
[Black "Vujatovic, Rajko"]
[Result "0-1"]
[WhiteElo "2079"]
[BlackElo "2222"]
[WhiteTeam "ANI"]
[BlackTeam "Sassy Seniors"]
[WhiteFideId "453080"]
[BlackFideId "403393"]
[EventDate "2025.06.11"]
[EventType "team"]

1. d4 d5 2. c4 e6 3. Nf3 Nf6 4. Nc3 Be7 5. Bg5 O-O 6. e3 b6 7. Qc2 Bb7 8. cxd5
Nxd5 9. Bxe7 Qxe7 10. Be2 Rc8 11. O-O Nxc3 12. Qxc3 c5 13. Rac1 Nd7 14. Rfd1 h6
15. Qa3 Kf8 16. Bb5 Bxf3 17. gxf3 Nf6 18. dxc5 Rxc5 19. Rxc5 bxc5 20. Rc1 Rc8
21. b4 Nd7 22. Qxa7 Qg5+ 23. Kh1 Nf6 24. bxc5 Qd5 25. e4 Qd2 26. Rf1 Qc3 27. Be2
Nh5 28. Qd7 Qxc5 29. a4 Nf4 30. Ba6 Rb8 31. Bb5 g5 32. Qc6 Qa3 33. e5 Rd8 34.
Qe4 Kg7 35. Qe3 Qa2 36. Rg1 Kf8 37. h4 Nh3 38. Rg2 Rd1+ 39. Kh2 Nf4 40. Rg1 Rd2
41. Rf1 Kg7 42. Kg3 Rb2 43. hxg5 hxg5 44. Qe4 Nh5+ 45. Kg4 f5+ 0-1

[Event "FIDE World Rapid Team"]
[Site "London ENG"]
[Date "2025.06.11"]
[Round "2.5"]
[White "Regan, Natasha K"]
[Black "Grigoryan, Meri"]
[Result "1-0"]
[WhiteTitle "WIM"]
[BlackTitle "WFM"]
[WhiteElo "2064"]
[BlackElo "1980"]
[WhiteTeam "Sassy Seniors"]
[BlackTeam "ANI"]
[WhiteFideId "403067"]
[BlackFideId "13300571"]
[EventDate "2025.06.11"]
[EventType "team"]

1. Nf3 d5 2. c4 c6 3. b3 Nf6 4. g3 g6 5. Bg2 Bg7 6. Bb2 O-O 7. O-O Qb6 8. cxd5
cxd5 9. Nc3 Nc6 10. Rc1 Bg4 11. h3 Bxf3 12. Bxf3 Rad8 13. Na4 Qc7 14. b4 b5 15.
Nc5 Qb6 16. a3 e5 17. e3 Rfe8 18. Qb3 e4 19. Bg2 a5 20. d3 a4 21. Qc2 exd3 22.
Nxd3 Rc8 23. Qc5 Qa6 24. Bxf6 Bxf6 25. Qxd5 Red8 26. Qe4 Re8 27. Rxc6 Qxc6 28.
Qxc6 Rxc6 29. Bxc6 Rc8 30. Rc1 Kg7 31. Bxb5 Rxc1+ 32. Nxc1 Bb2 33. Nd3 Bxa3 34.
Bxa4 Kf6 35. Kf1 Ke6 36. Bb3+ Ke7 37. Ke2 f5 38. Kd2 Kf6 39. Kc3 g5 40. Bc4 h5
41. Kb3 Bxb4 42. Kxb4 h4 43. gxh4 gxh4 44. Nf4 1-0

[Event "FIDE World Rapid Team"]
[Site "London ENG"]
[Date "2025.06.11"]
[Round "2.1"]
[White "Emms, John M"]
[Black "Oro, Faustino"]
[Result "0-1"]
[WhiteTitle "GM"]
[BlackTitle "IM"]
[WhiteElo "2417"]
[BlackElo "2465"]
[WhiteTeam "Chess Trust Accelerators"]
[BlackTeam "Turkish Airlines Sports Club"]
[WhiteFideId "400254"]
[BlackFideId "20000197"]
[EventDate "2025.06.11"]
[EventType "team"]

1. e4 c5 2. Nf3 d6 3. d4 cxd4 4. Nxd4 Nf6 5. Nc3 a6 6. Be2 e5 7. Nb3 Be6 8. Be3
Be7 9. O-O O-O 10. Re1 Nbd7 11. a4 Rc8 12. a5 Qc7 13. Bf3 Rfe8 14. h3 h6 15. Nd2
Bd8 16. Nf1 Qb8 17. Ng3 b5 18. Nd5 Qb7 19. Qd2 Bxd5 20. exd5 e4 21. Bg4 Nxg4 22.
hxg4 Nf6 23. Nf5 Qd7 24. Bf4 Rc5 25. Bxh6 Nxg4 26. Nxg7 Re5 27. Ra3 e3 28. Bxe3
Rcxd5 29. Rd3 Rxd3 30. Qxd3 Bf6 31. Rd1 Nxe3 32. fxe3 d5 33. e4 Bxg7 34. exd5
Qd6 35. Qf3 Qc5+ 36. Kf1 Qxc2 37. Qd3 Rf5+ 0-1

[Event "FIDE World Rapid Team"]
[Site "London ENG"]
[Date "2025.06.11"]
[Round "2.2"]
[White "Ahmad, Khagan"]
[Black "Khoury, Theo"]
[Result "1-0"]
[WhiteTitle "IM"]
[BlackTitle "CM"]
[WhiteElo "2394"]
[BlackElo "2209"]
[WhiteTeam "Turkish Airlines Sports Club"]
[BlackTeam "Chess Trust Accelerators"]
[WhiteFideId "13431552"]
[BlackFideId "480703"]
[EventDate "2025.06.11"]
[EventType "team"]

1. d4 d5 2. c4 e6 3. Nf3 Nf6 4. Nc3 Be7 5. g4 O-O 6. g5 Ne4 7. Qd3 Nxg5 8. Bxg5
Bxg5 9. Nxg5 Qxg5 10. h4 Qh5 11. Qg3 Na6 12. Rg1 Qh6 13. e3 c6 14. O-O-O dxc4
15. Bxc4 b5 16. Bd3 Nb4 17. Bb1 Nd5 18. Ne4 f5 19. Ng5 Qf6 20. e4 fxe4 21. Bxe4
h6 22. Nh3 Nf4 23. Nxf4 Qxf4+ 24. Qxf4 Rxf4 25. Bxc6 Rb8 26. Rg6 Rb6 27. d5 Kh7
28. Rdg1 Rf7 29. h5 Rc7 30. Kd2 exd5 31. Bxd5 Rd7 32. Ke3 Rbd6 33. Be4 Kg8 34.
Rc1 Ba6 35. Rxd6 Rxd6 36. Rc7 b4 37. Bg6 Rd8 38. Rxa7 Bc4 39. b3 Be6 40. Rb7 Kf8
41. Rxb4 Ke7 42. a4 Rd5 43. Rb6 Ra5 44. Kd4 Ra7 45. Ke5 Ra5+ 46. Kd4 Ra7 47. f4
Ra5 48. f5 Bd7 49. Kc3 Re5 50. Rb7 Kd6 51. Rb8 Ke7 52. Rg8 Kf6 53. Rf8+ 1-0

[Event "FIDE World Rapid Team"]
[Site "London ENG"]
[Date "2025.06.11"]
[Round "2.3"]
[White "Verbytski, Oleg"]
[Black "Lu, Miaoyi"]
[Result "0-1"]
[BlackTitle "IM"]
[WhiteElo "1994"]
[BlackElo "2452"]
[WhiteTeam "Chess Trust Accelerators"]
[BlackTeam "Turkish Airlines Sports Club"]
[WhiteFideId "495506"]
[BlackFideId "8618020"]
[EventDate "2025.06.11"]
[EventType "team"]

1. e4 e5 2. Nf3 Nc6 3. Bc4 Nf6 4. d3 Bc5 5. c3 d6 6. h3 a5 7. a4 O-O 8. O-O Ba7
9. Re1 Be6 10. Nbd2 Ne7 11. Nf1 Bxc4 12. dxc4 Ng6 13. Ng3 Nd7 14. b4 h6 15. Qc2
Qf6 16. Nf5 Qe6 17. Qe2 Nb6 18. Nd2 Nf4 19. Qf1 Kh7 20. Kh2 Qe8 21. g3 Ne6 22.
c5 dxc5 23. b5 c4 24. Nxc4 Nxc4 25. Qxc4 Bxf2 26. Rf1 Bc5 27. Qe2 f6 28. Qg4 h5
29. Qe2 g6 30. Nh4 Rd8 31. Be3 Bxe3 32. Qxe3 Qe7 33. Rf2 Qc5 34. Qe2 Qxc3 35.
Raf1 Nd4 36. Qd1 Nf5 37. exf5 Rxd1 38. fxg6+ Kg8 39. Rxd1 f5 40. Rd7 f4 41. gxf4
exf4 42. Rf3 Qc2+ 43. Kh1 Re8 44. Ng2 Qxg6 45. Rxf4 Re2 46. Rd8+ Kg7 47. Rd7+
Kh6 48. Ne3 Rxe3 0-1

[Event "FIDE World Rapid Team"]
[Site "London ENG"]
[Date "2025.06.11"]
[Round "2.4"]
[White "Xu, Yuanyuan"]
[Black "Dicen, Elis Denele"]
[Result "1-0"]
[WhiteTitle "WGM"]
[BlackTitle "WFM"]
[WhiteElo "2300"]
[BlackElo "2136"]
[WhiteTeam "Turkish Airlines Sports Club"]
[BlackTeam "Chess Trust Accelerators"]
[WhiteFideId "8601089"]
[BlackFideId "462560"]
[EventDate "2025.06.11"]
[EventType "team"]

1. d4 d5 2. c4 e6 3. Nc3 a6 4. cxd5 exd5 5. Nf3 Nf6 6. Bg5 Be6 7. e3 Nbd7 8. Bd3
Bd6 9. O-O c6 10. Ne2 h6 11. Bf4 Qe7 12. h3 O-O 13. Ne5 c5 14. Nxd7 Nxd7 15.
Bxd6 Qxd6 16. dxc5 Nxc5 17. Bc2 Rfd8 18. Qd4 Rac8 19. Nf4 Nd7 20. Bb3 Nf6 21.
Rac1 Rc6 22. Rxc6 bxc6 23. Rc1 Nd7 24. Nd3 Rc8 25. Nc5 Ne5 26. f4 Nd7 27. Ba4
Qe7 28. b4 Nb8 29. a3 Bf5 30. Nb3 Re8 31. Rc3 Bd7 32. Na5 Qh4 33. Qd2 Re6 34.
Bc2 Re8 35. Nb3 Qg3 36. Qf2 Qxf2+ 37. Kxf2 f6 38. Bg6 Rd8 39. Nd4 Kf8 40. g4 Ke7
41. Kf3 Kd6 42. Rc5 Rc8 43. h4 Rd8 44. h5 Kc7 45. Bd3 Kb6 46. a4 Re8 47. Bf5 Re7
48. a5+ Kb7 49. Bc2 Re8 50. Ba4 Re7 51. Bc2 Re8 52. Rc3 Kc7 53. Nb3 Re7 54. Nc5
Bc8 55. Bd3 Kd6 56. Rc2 Kc7 57. Rg2 Rf7 58. Ke2 Re7 59. Kd2 Kd6 60. g5 hxg5 61.
fxg5 fxg5 62. Rxg5 Rf7 63. Rg6+ Kc7 64. Kc3 Re7 65. Kd4 Rf7 66. Rg5 Kd6 67. Rg6+
Kc7 68. Ne6+ Bxe6 69. Rxe6 Kd7 70. Rg6 Re7 71. Rg5 Kd6 72. Rf5 Kc7 73. Rf3 Kd7
74. Rf8 Kc7 75. Bf5 Kb7 76. Bc8+ Kc7 77. Bf5 Kb7 78. Rg8 Kc7 79. Kd3 Rf7 80. Bg6
Re7 81. Re8 Rd7 82. Kd4 Kb7 83. Kc5 Rc7 84. Kd6 Rd7+ 85. Ke6 Rc7 86. Re7 Rxe7+
87. Kxe7 Kc7 88. Be8 Kb7 89. Kd6 Ka7 90. Bxc6 Nxc6 91. Kxc6 1-0

[Event "FIDE World Rapid Team"]
[Site "London ENG"]
[Date "2025.06.11"]
[Round "2.5"]
[White "Zhao, George"]
[Black "Lohia, Sohum"]
[Result "0-1"]
[WhiteTitle "CM"]
[BlackTitle "FM"]
[WhiteElo "2124"]
[BlackElo "2364"]
[WhiteTeam "Chess Trust Accelerators"]
[BlackTeam "Turkish Airlines Sports Club"]
[WhiteFideId "494607"]
[BlackFideId "5819369"]
[EventDate "2025.06.11"]
[EventType "team"]

1. d4 Nf6 2. c4 b6 3. g3 Bb7 4. Nf3 g6 5. Bg2 Bg7 6. O-O O-O 7. Nc3 Ne4 8. Qc2
Nxc3 9. Qxc3 c5 10. Qd3 cxd4 11. Nxd4 Bxg2 12. Kxg2 Nc6 13. Nf3 Rc8 14. Rb1 d6
15. b3 Qc7 16. Bb2 Rfd8 17. Rfd1 Qb7 18. Bxg7 Kxg7 19. Kg1 Kg8 20. Qe4 Qd7 21.
Qh4 Kg7 22. Ng5 h6 23. Nf3 Qe6 24. Rd2 Qf6 25. Qe4 Rc7 26. Ne1 Qf5 27. Qc2 Qxc2
28. Nxc2 Kf8 29. Ne3 e6 30. Ng4 h5 31. Nf6 Ke7 32. Ne4 Rcd7 33. Nc3 Nb4 34. e3
g5 35. Kg2 Nc6 36. Rbd1 f5 37. f3 Ne5 38. e4 f4 39. Ne2 Rf8 40. Nd4 a6 41. Rf2
Rdd8 42. Kf1 Rf6 43. Ke2 Rdf8 44. Rg1 g4 45. fxg4 f3+ 46. Kd2 hxg4 47. Rh1 Rh8
48. Ke3 Rfh6 49. Nc2 Rh3 50. Rg1 Rxh2 51. Nb4 Rxf2 52. Kxf2 a5 53. Na6 Rh2+ 54.
Ke3 Re2+ 55. Kf4 f2 56. Rf1 Nd3+ 57. Kxg4 Re1 0-1

[Event "FIDE World Rapid Team"]
[Site "London ENG"]
[Date "2025.06.11"]
[Round "2.6"]
[White "Yildiz, Ali Aras"]
[Black "Kendall, Arthur"]
[Result "1-0"]
[WhiteElo "2089"]
[BlackElo "1883"]
[WhiteTeam "Turkish Airlines Sports Club"]
[BlackTeam "Chess Trust Accelerators"]
[WhiteFideId "51619822"]
[BlackFideId "343410960"]
[EventDate "2025.06.11"]
[EventType "team"]

1. e4 e6 2. d4 d5 3. Nd2 Nf6 4. e5 Nfd7 5. Bd3 c5 6. c3 Nc6 7. Ne2 cxd4 8. cxd4
f6 9. exf6 Nxf6 10. Nf3 Bd6 11. O-O Qc7 12. Bg5 O-O 13. Bh4 Nh5 14. Qc2 h6 15.
Bg6 Nf4 16. Nxf4 Bxf4 17. Bg3 Bd7 18. Nh4 Be8 19. Rad1 Rc8 20. Qe2 Qd6 21. Qg4
Bd7 22. Bb1 e5 23. Qg6 Qxg6 24. Nxg6 Nxd4 25. Rxd4 Bxg3 26. Rxd5 Bxf2+ 27. Kh1
Be6 28. Rxe5 Rfe8 29. h3 Bd4 30. Re2 Bf6 31. Rxe6 Rxe6 32. Bf5 Rce8 33. Bxe6+
Rxe6 34. Nf4 Rd6 35. Rf2 Be5 36. g3 Rf6 37. Kg2 g5 38. Nd3 Rxf2+ 39. Kxf2 Bd6
40. g4 Kf7 41. Kf3 Ke6 42. Ke4 b6 43. Nc1 Be5 44. b3 Bc7 45. Nd3 Bd6 46. Nb2 Bb8
47. Nc4 Bc7 48. Ne3 Bd6 49. Nf5 Bf8 50. Nd4+ Kf6 51. Kd5 Bc5 52. Nc6 a5 53. a4
Bg1 54. Ne5 Bf2 55. Nc4 Bg1 56. Kc6 Bf2 57. Nxb6 Ke5 58. Nc4+ Kf4 59. Nxa5 Kg3
60. Nc4 Kxh3 61. Ne5 Kg3 62. b4 Bg1 63. b5 Kf4 64. Nf7 Kxg4 65. Nxh6+ Kh5 66.
Nf5 g4 67. Ng3+ Kg5 68. Ne2 Bf2 69. a5 Kf5 70. Kd5 Be1 71. a6 Bf2 72. Nd4+ Bxd4
73. Kxd4 Kf4 74. a7 g3 75. a8=Q 1-0

[Event "FIDE World Rapid Team"]
[Site "London ENG"]
[Date "2025.06.11"]
[Round "2.1"]
[White "Gan-Erdene, Sugar"]
[Black "Eilenberg, Jonas"]
[Result "1-0"]
[WhiteTitle "IM"]
[BlackTitle "FM"]
[WhiteElo "2454"]
[BlackElo "2316"]
[WhiteTeam "Mongolia-B"]
[BlackTeam "Berlin Lasker Legends"]
[WhiteFideId "4902980"]
[BlackFideId "16204271"]
[EventDate "2025.06.11"]
[EventType "team"]

1. e4 e5 2. Nf3 Nc6 3. Bb5 a6 4. Ba4 Nf6 5. O-O Be7 6. d3 b5 7. Bb3 d6 8. a4 Bd7
9. h3 O-O 10. c3 Na5 11. Bc2 c5 12. Re1 Nc6 13. Nbd2 Re8 14. Nf1 Bf8 15. axb5
axb5 16. Rxa8 Qxa8 17. Bg5 Be7 18. Ne3 Qa2 19. Qc1 Be6 20. Nf5 Bxf5 21. exf5 Rc8
22. Nd2 Nh5 23. Bb3 Qa6 24. Ne4 c4 25. dxc4 bxc4 26. Bd1 d5 27. Bxh5 dxe4 28.
Rxe4 Bxg5 29. Qxg5 f6 30. Qd2 Ne7 31. Kh2 Qb7 32. Rxc4 g6 33. Rxc8+ Qxc8 34.
fxg6 hxg6 35. Bg4 f5 36. Bd1 Qc7 37. b4 Kg7 38. Kg1 Qc4 39. Be2 Qd5 40. Qg5 Ng8
41. h4 Qa2 42. Qe3 Kf6 43. b5 Ne7 44. c4 f4 45. Qe4 Nf5 46. b6 Qa1+ 47. Kh2 Qe1
48. b7 Qxf2 49. Qc6+ Kg7 50. Qf3 Qxh4+ 51. Qh3 Qd8 52. c5 Qc7 53. Qb3 Qb8 54.
Bg4 Nd4 55. Qd5 f3 56. gxf3 e4+ 57. Kg2 exf3+ 58. Bxf3 Nf5 59. Qd7+ Kh6 60. Qd2+
g5 61. Kf1 Qg3 62. Be4 Ne3+ 63. Ke2 Nc4 64. Qd4 Qh2+ 65. Kd3 Ne5+ 66. Kc3 Qg3+
67. Kb2 Kh5 68. b8=Q Nc4+ 69. Qxc4 Qxb8+ 70. Kc2 g4 71. c6 Qc7 72. Qd5+ Kh4 73.
Kc3 Kg3 74. Qd3+ Kf4 75. Bd5 Qa5+ 76. Kb3 Qb6+ 77. Kc2 Ke5 78. Qe4+ Kd6 79. Qe6+
Kc7 80. Qe5+ Kd8 81. Qd6+ 1-0

[Event "FIDE World Rapid Team"]
[Site "London ENG"]
[Date "2025.06.11"]
[Round "2.2"]
[White "Yatskar, Martin"]
[Black "Bilguun, Sumiya"]
[Result "0-1"]
[WhiteTitle "CM"]
[BlackTitle "GM"]
[WhiteElo "2225"]
[BlackElo "2451"]
[WhiteTeam "Berlin Lasker Legends"]
[BlackTeam "Mongolia-B"]
[WhiteFideId "34109676"]
[BlackFideId "4901541"]
[EventDate "2025.06.11"]
[EventType "team"]

1. d4 d5 2. c4 e6 3. Nc3 a6 4. cxd5 exd5 5. Nf3 Nf6 6. Qb3 Be7 7. Bg5 c6 8. e3
Nbd7 9. Bd3 Nf8 10. Ne5 Ne6 11. Bh4 g6 12. O-O O-O 13. f4 Ng7 14. Rad1 Ng4 15.
Bxe7 Qxe7 16. Rde1 Nf6 17. e4 dxe4 18. Nxe4 Nxe4 19. Bxe4 Be6 20. Qb6 Rad8 21.
f5 gxf5 22. Bf3 Rd6 23. a4 Rfd8 24. Qc5 Qf8 25. Rd1 Rxd4 26. Qc3 Qd6 27. Rfe1 f6
28. Nd3 Rxd3 29. Rxd3 Qxd3 30. Rd1 Qxd1+ 31. Bxd1 Rxd1+ 32. Kf2 Kf7 33. Qb4 b5
34. a5 Bd5 35. Qc5 Rd2+ 36. Ke3 Rxb2 37. Qa7+ Kg6 38. Qxa6 Ra2 39. Qb6 Ne6 40.
g3 Bc4 41. h4 c5 42. h5+ Kg5 0-1